000 00847nam a22002777a 4500
001 BR7902022
003 BR-BrBNA
005 20230928085955.0
007 ta
008 230509b bl.||||| |||| 00| 0 por d
040 _aBR-BrBNA
_bpor
_cBiblioteca Nacional de Agricultura
041 _a(Por)
072 _aF60
_b1540
090 _ 1540 BR7902022
100 1 _aHostalacio, S.
110 1 _aEscola Superior de Agricultura de Lavras, MG (Brasil)
245 1 _aFisiologia da mandioca [fotoperiodismo, fotossintese, Manihot esculenta]
_bCurso de Capacitacao de Tecnicos para a Cultura de Mandioca - v. 10
260 3 _aLavras, MG (Brasil):
_c1978.
300 _a37 p.
500 _a18 illus.; 47 ref.
650 _aMANDIOCA
650 _aFOTOPERIODISMO
650 _aFOTOSSINTESE
909 _a202309
_bLucia
_c55
_dLucia Elande
942 _cBK
999 _c27263
_d27263